| 000 | 00419nam a22001697a 4500 | ||
|---|---|---|---|
| 003 | LK-CoMWRAF | ||
| 005 | 20230926221312.0 | ||
| 008 | 230926b |||||||| |||| 00| 0 eng d | ||
| 040 |
_aLK-CoMWRAF _dLK-CoMWRAF _eLK-CoMWRAF |
||
| 041 | _aeng | ||
| 082 |
_a821.914 _bHAF |
||
| 100 | _aHafiz, Irfan | ||
| 245 |
_aSilent struggle : _bA collection of poems |
||
| 260 | _c2012 | ||
| 650 | _aLiterature--Poems | ||
| 942 | _cBK | ||
| 999 |
_c3685 _d3685 |
||